Vergil in Averno /

Bibliographic Details
Main Author: Davidson, Avram
Format: Book
Language:English
Published: Garden City, N.Y. : Doubleday, 1987.
Edition:1st ed.
Series:Doubleday science fiction.

MARC

Tag First Indicator Second Indicator Subfields
LEADER 00000cam a2200000 a 4500
001 in00000007770
005 20151002070022.0
008 860620s1987 nju 00011 eng
010 |a  86016622  
020 |a 0385197071 :  |c $12.95 
035 |a (OCoLC)13822556 
035 |9 AAA0100AM 
040 |a DLC  |c DLC  |d TXA  |d UtOrBLW 
049 |a TXAS [scif]  |c 1 [A09892100], 2 
050 0 0 |a PS3554.A924  |b V57 1987 
082 0 |a 813/.54  |2 19 
100 1 |a Davidson, Avram. 
245 1 0 |a Vergil in Averno /  |c Avram Davidson. 
250 |a 1st ed. 
264 1 |a Garden City, N.Y. :  |b Doubleday,  |c 1987. 
300 |a 184 pages ;  |c 22 cm. 
336 |a text  |b txt  |2 rdacontent 
337 |a unmediated  |b n  |2 rdamedia 
338 |a volume  |b nc  |2 rdacarrier 
490 1 |a Doubleday science fiction 
500 |a Sequel to: The phoenix and the mirror. 
830 0 |a Doubleday science fiction. 
999 |a MARS 
999 f f |s b8a64092-fe62-3f91-9c2d-755d921e83d5  |i d84ce63e-e852-329d-a303-ba2a5e697f7f  |t 0 
952 f f |p ric  |a Texas A&M University  |b Rellis Campus  |c Joint Library Facility  |s JLF  |d Remote Storage  |t 0  |e PS3554.A924 V57 1987  |h Library of Congress classification  |i unmediated -- volume  |m A14850628877 
998 f f |a PS3554.A924 V57 1987  |t 0  |l Remote Storage